00738nam a2200241 a 4500001001300000003000900013005001700022008004100039020000900080082001800089100001900107245008100126260003300207300000900240500003500249505001000284650002400294700001900318902000800337942000700345952012900352999001500481nice12345678IN_TiNIC20260116012937.0050524s1991 koca grp 000 0 eng  ac8000a291.172bPUS1 aPushparajan, A aPilgrims of Dialogueb Collection of Essays Presented to Fr.Albert Nambiapar aKochibViani Printingsc1991 a243p aincludes index and biblioraphy2 aIndex aInterfaith Dialogue1 aPushparajan, A bSRS cBK 001040708StackRoom-aHMIbHMId2007-07-17g80.00l1o291.172 PUS1p014299r2017-12-13s2017-12-08v80.00w2005-05-24yBK c8991d8991